| 000 | 00485nam a22001697a 4500 | ||
|---|---|---|---|
| 003 | NUST - PNEC | ||
| 005 | 20170116181150.0 | ||
| 008 | 151112b xxu||||| |||| 00| 0 eng d | ||
| 020 | _a0697067548 | ||
| 040 | _cLIBRARY | ||
| 082 | _a005.260245 BAR | ||
| 100 |
_915350 _aBarnard, David T |
||
| 245 |
_aEffective Fortran 77 for engineers and scientists _cDavid T,Barnard |
||
| 260 | _cc 1988 | ||
| 650 |
_915352 _aFORTRAN 77 (Computer program language) _xGeneral |
||
| 942 |
_2ddc _cBK |
||
| 999 |
_c70919 _d70919 |
||